00724cac a2200205 4500008004100000020001500041035001200056050002700068100002100095245007600116250001100192260006500203300002800268440004200296506004700338650002400385650003800409650004200447700002900489050127s1998 cr 000 0 spa u a9977675074 aa44324900aHD9199 .C67 bC35 19981 aCalvo Coin, Otto10aSistema de café y cooperativismo /cOtto Calvo Coin, Luis Wachong Ho. a1a ed. aSan José, Costa Rica :bUniversidad de Costa Rica, c1998. axxvii, 247 p. ;c25 cm. 0aInstituto de Investigaciones Sociales aDonado por el Dr. Gerardo Sánchez Díaz 0aCafé zCosta Rica 0aIndustria cafetalera zCosta Rica 0aCooperativas agrícolas zCosta Rica1 aWachong Ho, Luis, coaut.